Future of Indian defence (Record no. 395412)

MARC details
000 -LEADER
fixed length control field 00516 a2200193 4500
005 - DATE & TIME
control field 20260504103333.0
008 - FIXED-LENGTH DATA ELEMENTS--GENERAL INFORMATION
fixed length control field 260504b |||||||| |||| 00| 0 eng d
020 ## - ISBN
International Standard Book Number 9789390086436
Price Rs. 1499.00
040 ## - CATALOGING SOURCE
Original cataloging agency VIVEKANANDA LIBRARY
082 ## - DDC NUMBER
Classification number 355.033054
Book Number J199F
100 ## - MAIN ENTRY--PERSONAL NAME
Personal name Jai Shankar
245 ## - TITLE STATEMENT
Title Future of Indian defence
260 ## - PUBLICATION, DISTRIBUTION, ETC. (IMPRINT)
Date of publication, distribution, etc 2021
Place of publication, distribution, etc New Delhi
Name of publisher, distributor, etc R Sons Books
300 ## - PHYSICAL DESCRIPTION
Pages vi, 288
650 ## - Subject
Subject National Security- India
650 ## - Subject
Subject Military Policy- India
650 ## - Subject
Subject Defence Planning- India
942 ## - ADDED ENTRY ELEMENTS (KOHA)
Koha item type Books
Holdings
Withdrawn status Lost status Source of classification or shelving scheme Damaged status Not for loan Location (home branch) Sublocation or collection (holding branch) Shelving location Date acquired Koha issues (times borrowed) Koha full call number Accession No. Koha date last seen Koha item type
    Dewey Decimal Classification     VIVEKANANDA LIBRARY VIVEKANANDA LIBRARY Vivekananda Library 05/02/2026   355.033054 J199F 438150 05/02/2026 Books
© Designed and Maintained by Vivekananda Library, MDU Rohtak